Estatísticas para Capital Aleatória por País

Clique aqui para jogar o quiz

Estatísticas Gerais

  • Esse quiz foi jogado 15 463 vezes
  • A pontuação média é 11 de 20

Estatísticas das Respostas

PaísCapital% Correto
BrasilBrasília
99%
ArgentinaBuenos Aires
98%
FrançaParis
98%
PortugalLisboa
95%
Reino UnidoLondres
95%
EspanhaMadrid
95%
MéxicoCidade do México
94%
UcrâniaKiev
94%
RússiaMoscovo
94%
JapãoTóquio
94%
GréciaAtenas
92%
MônacoMônaco
92%
CanadáOttawa
92%
ChinaPequim
92%
ItáliaRoma
92%
AlemanhaBerlim
91%
EgitoCairo
91%
VaticanoVaticano
91%
Coréia do SulSeul
90%
Estados UnidosWashington D.C.
90%
ColômbiaBogotá
89%
BélgicaBruxelas
89%
ÁustriaViena
89%
UruguaiMontevidéu
88%
ChileSantiago
88%
VenezuelaCaracas
87%
CubaHavana
87%
BolíviaLa Paz | Sucre
87%
PeruLima
87%
NoruegaOslo
87%
Países BaixosAmesterdão
85%
SuéciaEstocolmo
85%
IrlandaDublin
84%
IsraelJerusalém
84%
EquadorQuito
84%
PanamáCidade do Panamá
82%
AngolaLuanda
82%
República ChecaPraga
81%
HungriaBudapeste
80%
DinamarcaCopenhaga
80%
ÍndiaNova Deli
80%
LuxemburgoLuxemburgo
79%
San MarinoSan Marino
79%
PolôniaVarsóvia
78%
AustráliaCamberra
77%
SuíçaBerna
76%
SingapuraSingapura
75%
CroáciaZagreb
75%
ParaguaiAssunção
74%
BielorrússiaMinsk
74%
TurquiaAncara
73%
AndorraAndorra-a-Velha
73%
CatarDoha
73%
IndonésiaJakarta
73%
El SalvadorSan Salvador
73%
Nova ZelândiaWellington
73%
JamaicaKingston
72%
Coréia do NortePyongyang
70%
BulgáriaSofia
70%
LíbanoBeirute
69%
SérviaBelgrado
69%
RomêniaBucareste
69%
FinlândiaHelsínquia
69%
KuweitKuweit
69%
TaiwanTaipé
69%
SíriaDamasco
68%
África do SulPretória
68%
Arábia SauditaRiade
68%
ArgéliaArgel
66%
Emirados Árabes UnidosAbu Dhabi
65%
IraqueBagdá
65%
IrãoTeerã
65%
EslováquiaBratislava
64%
GuianaGeorgetown
64%
AlbâniaTirana
64%
TunísiaTunes
64%
LiechtensteinVaduz
64%
Bósnia e HerzegovinaSarajevo
63%
GuatemalaCidade da Guatemala
62%
VietnameHanói
62%
AfeganistãoCabul
61%
EslovéniaLiubliana
61%
SurinameParamaribo
61%
IslândiaReykjavík
61%
FilipinasManila
60%
EstôniaTallinn
60%
GanaAccra
59%
SenegalDakar
59%
QuêniaNairóbi
59%
Costa RicaSan José
59%
DjiboutiDjibouti
58%
São Tomé e PríncipeSão Tomé
58%
MaltaValeta
57%
LituâniaVilnius
57%
MalásiaKuala Lumpur
56%
Cabo VerdePraia
56%
HaitiPorto Príncipe
55%
LetóniaRiga
55%
MadagáscarAntananarivo
54%
AzerbaijãoBaku
54%
MoçambiqueMaputo
54%
KosovoPristina
54%
TailândiaBanguecoque
53%
MarrocosRabat
53%
República DominicanaSanto Domingo
52%
Guiné-BissauBissau
51%
PaquistãoIslamabad
51%
LíbiaTrípoli
51%
JordâniaAmã
50%
NicaráguaManágua
50%
OmãMascate
50%
SeychellesVictoria
50%
MoldáviaChișinău
49%
BahamasNassau
49%
ChipreNicosia
49%
ButãoThimbu
49%
NepalCatmandu
48%
BangladeshDaca
48%
Timor LesteDíli
48%
Macedónia do NorteEscópia
48%
BenimPorto-Novo | Cotonou
48%
NigériaAbuja
47%
SudãoCartum
47%
MaldivasMalé
47%
Trinidad e TobagoPort-of-Spain
47%
HondurasTegucigalpa
47%
GeórgiaTbilisi
46%
MongóliaUlaanbaatar
46%
Serra LeoaFreetown
45%
Sudão do SulJuba
45%
UgandaKampala
44%
CazaquistãoNursultan
44%
BirmâniaNaypyidaw
43%
NamíbiaWindhoek
43%
EtiópiaAdis Abeba
42%
Santa LúciaCastries
42%
BahreinManama
42%
SamoaApia
41%
BelizeBelmopan
41%
TuvaluFunafuti
41%
MontenegroPodgorica
41%
VanuatuPort Vila
41%
BruneiBandar Seri Begawan
40%
QuirguistãoBisqueque
40%
TajiquistãoDuchambé
40%
IémenSaná
40%
TurquemenistãoAsgabate
39%
BarbadosBridgetown
39%
SomáliaMogadíscio
39%
TongaNukuʻalofa
39%
BotswanaGaborone
38%
RuandaKigali
38%
São Vicente e GranadinasKingstown
38%
GabãoLibreville
38%
TogoLomé
38%
GuinéConacri
37%
Ilhas MarshallMajuro
37%
DominicaRoseau
37%
CamarõesYaoundé
37%
República Centro-AfricanaBangui
36%
São Cristóvão e NevisBasseterre
36%
República do CongoBrazzaville
36%
Sri LankaKotte
36%
Antígua e BarbudaSaint John's
36%
FijiSuva
36%
ArmêniaErevan
35%
República Democrática do CongoKinshasa
35%
ZimbábueHarare
34%
GâmbiaBanjul
33%
MalawiLilongwe
33%
LesotoMaseru
33%
Estados Federados da MicronésiaPalikir
33%
CambojaPhnom Penh
33%
Costa do MarfimYamoussoukro
33%
EritreiaAsmara
32%
Papua Nova GuinéPort Moresby
32%
UzbequistãoTashkent
32%
LaosVientiane
32%
NígerNiamey
31%
GranadaSaint George's
31%
ZâmbiaLusaka
30%
Guiné EquatorialMalabo
30%
LibériaMonróvia
30%
ChadeN'Djamena
30%
Burkina FasoOuagadougou
30%
MauríciaPort Louis
30%
KiribatiTarawa
29%
Ilhas SalomãoHoniara
28%
ComoresMoroni
28%
MauritâniaNouakchott
28%
SuazilândiaMbabane
27%
TanzâniaDodoma
26%
MaliBamako
25%
BurundiGitega
25%
NauruYaren
24%
PalauNgerulmud
19%

Distribuição das Pontuações

Percentil de Números Respondidos

Porcentagem de Pessoas com Cada Pontuação

Sua Pontuação Histórica

Você não jogou esse quiz